Responses for Show #5122 - Tuesday, December 12, 2006

Christian Haines game 5.

Contestants

[<< previous game]

Perry Gentry, a high school religion teacher from Atlanta, Georgia

Lorraine Mariz, a coffeehouse owner from Ojai, California

Christian Haines, a Congressional special assistant from Newport News, Virginia (whose 4-day cash winnings total $105,000)

[next game >>]

Jeopardy! Round responses

THE 1850s
COLLEGE SPORTS
NOT TO BE CONFUSED
STATE THE STATE
ASIAN-AMERICAN FIRSTS
I LOVE YOU GUYS
(Alex: And you have to give me the language in which I will say, "I love you.")
    $200 6
Uncle Tom's Cabin

Christian
    $200 16
Tiger Woods

Christian
    $200 26
Florida

Perry
    $200 11
(Christian: What is Vermont?)
(Lorraine: What is England?)

Wisconsin

ChristianLorrainePerry
    $200 1
Hawaii

Christian
    $200 21
German

Perry
    $400 7
Prince Albert

Perry
    $400 17
skiing

Lorraine
    $400 27
a hat

Christian
    $400 12
Maryland

Perry
    $1,000 2
Connie Chung

Christian
    $400 22
Russian

Christian
    $600 8
"Hark! The Herald Angels Sing"

Christian
    $600 18
Joe Paterno

Christian
    $600 28
(Christian: Who is Caterina?)

Alexandra

ChristianLorraine
    $600 13
Washington

Lorraine
    $600 3
(Christian: What is the Korean War?)

WW II

ChristianLorraine
    $600 23
(Christian: What is Norse?)
(Lorraine: What is Danish?)

Swedish

ChristianLorrainePerry
    $800 9
Denmark

Lorraine
    $800 19
the vault

Lorraine
    $800 29
bowling

Triple Stumper
    $800 14
Kansas

Christian
    $800 4
The Killing Fields

Christian
    $800 24
(Perry: What is Hawaiian?)

Chinese

LorrainePerry
    $1000 10
Jenny Lind

Lorraine
    $1000 20
Marcus Allen

Christian
    $1000 30
antimony

Christian
    $1000 15
(Christian: What is New Mexico?)
(Lorraine: What is Arizona?)
...
(Alex: What is [*]? Been Democratic for a long time.)

Minnesota

ChristianLorraine
Triple Stumper
    $1000 5
Challenger

Christian
    $1000 25
(Christian: What is Klingon?)
[Laughter]
(Alex: No. Lorraine or Perry? What is [*]? [*] is it.)
(Christian: Oh, not to be confused with Klingon.)
[NOT TO BE CONFUSED is the only remaining category on the board.]

Welsh

Christian
Triple Stumper

Scores at the first commercial break (after clue 13):

Christian Lorraine Perry
$3,000 $2,800 $1,000

Scores at the end of the Jeopardy! Round:

Christian Lorraine Perry
$4,200 $3,800 $1,200

Double Jeopardy! Round responses

WORDS IN SCIENCE
GAME SHOW HOSTS
CHURCHES & CATHEDRALS
POETS & POETRY
THERE'S SOMETHING ABOUT MARY
"OX" MARKS THE SPOT
    $400 30
(Lorraine: What is macrobiotic?)
...
(Alex: Instead of anti- it's [*].)

probiotic

Lorraine
Triple Stumper
    $400 29
Mike Wallace

Lorraine
    $400 1
Guadalupe

Perry
    $400 6
Robert Frost

Christian
    $400 11
Mary Todd Lincoln

Christian
    $400 16
oxygen

Lorraine
    $800 27
heliocentric

Lorraine
    $800 28
Wink Martindale

Christian
    $800 2
Crystal Cathedral

Christian
    $800 7
(Christian: What are pansies?)
(Perry: What are cornflowers?)

poppies

ChristianLorrainePerry
    $800 12
Typhoid Mary

Christian
    $800 17
Oxfam

Perry
    $1200 20
covalent

Lorraine
    $1200 19
Ralph Edwards

Triple Stumper
    $1200 3
(Marc) Chagall

Christian
    $1200 8
The Faerie Queene

Lorraine
    $1200 13
Mary Baker Eddy

Christian
    $1200 18
oxymoron

Christian
    $1,300 26
(Alex: You have a $1400 lead.)
(Christian: Uh, $1300.)

plastic

Christian
    $1600 23
(Christian: Who is Dave Coulier?)

Bob Saget

ChristianLorraine
    $1600 4
the Church of the Holy Sepulchre

Christian
    $1,000 9
(Alex: It sounds like he's one of your favorites, too. Is he?)
(Lorraine: Yes.)
(Alex: Good. Well, you have something else to sing about besides your dogs.)

Robert Browning

Lorraine
    $1600 14
Mary Leakey

Christian
    $1600 21
Oxnard

Lorraine
    $2000 25
hydrophobic

Triple Stumper
    $2000 24
(Anne) Robinson

Christian
    $2000 5
Gothic

Lorraine
    $2000 10
(Christian: Who is Lear?)

(John) Keats

ChristianPerry
    $2000 15
Mary Shelley

Christian
    $2000 22
(Lorraine: What is oxen?)
...
(Alex: The incident, The [*] Incident, [*].)

oxbow

Lorraine
Triple Stumper

Scores at the end of the Double Jeopardy! Round:

Christian Lorraine Perry
$15,100 $12,400 $3,600

[wagering suggestions for these scores]

Final Jeopardy! Round responses

CHIEF JUSTICES
(Alex: [After Lorraine's response is revealed] It looks like you were going for Douglas. No.)
...
(Alex: Let's go to Christian Haines. He's smiling.)
(Christian: Not for a good reason.)
(Alex: Did he put Warren Burger?
(Christian: Yeah.)
(Alex: Yeah, instead of--
(Christian: [*].)
(Alex: --[*], the Warren court, the famous Miranda case. It'll cost you how much?)
(Christian: Good betting big.)
(Alex: $9701, boo hiss for you, but good news for Lorraine Mariz. She becomes the new Jeopardy! champion with $7198!)
PerryWho is Warren Burger
$3,599
LorraineWho is Dou
$5,202
ChristianWho is Burger?
$9,701
Earl Warren

Final scores:

Christian Lorraine Perry
$5,399 $7,198 $1
2nd place: $2,000 New champion: $7,198 3rd place: $1,000

Game dynamics:

Coryat scores:

Christian Lorraine Perry
$14,800 $13,000 $3,600
26 R
(including 2 DDs),
9 W
18 R
(including 1 DD),
5 W
9 R,
2 W

Combined Coryat: $31,400

[game clues] [game scores] [suggest correction]

Game tape date: 2006-10-18
The J! Archive is created by fans, for fans. Scraping, republication, monetization, and malicious use prohibited; this site may use cookies and collect identifying information. See terms. The Jeopardy! game show and all elements thereof, including but not limited to copyright and trademark thereto, are the property of Jeopardy Productions, Inc. and are protected under law. This website is not affiliated with, sponsored by, or operated by Jeopardy Productions, Inc. Join the discussion at JBoard.tv.